| 000 | 00574cam a22002291 4500 | ||
|---|---|---|---|
| 001 | ne 66000558 | ||
| 003 | DLC | ||
| 005 | 20260227111821.0 | ||
| 008 | 890905s1956 xx 000 0 ara | ||
| 010 | _ane 66000558 | ||
| 035 | _a(OCoLC)23520978 | ||
| 040 |
_aDLC _cMiU _dDLC |
||
| 042 | _apremarc | ||
| 050 | 0 | 0 |
_aDS126 _b.B58 1956 |
| 100 | 1 | _aBisīsū, Saʻdī. | |
| 245 | 1 | 0 | _aIsrā'll, jināyah wa-khiyānah. |
| 260 | _c1956 | ||
| 300 |
_a128 p. _c21 cm. |
||
| 504 | _aBibliography: p. 108-128. | ||
| 650 | 0 | _aZionism | |
| 651 | 0 |
_aPalestine _xHistory _y1917-1948 |
|
| 999 |
_c48744 _d48744 |
||